00366nam a2200133Ia 4500008004100000020001500041041001200056100002000068245006400088260003800152300000800190650001600198700001800214221030s9999 xx 000 0 und d a8131505328 aEnglish aJ. W. Satzinger 0aSystem Analysis & Designcby J. W. Satzinger, R. B. Jackson bCengage LearningaNew Delhic2012 a730 aBE Computer aR. B. Jackson